| 000 | 00800nam a2200253Ia 4500 | ||
|---|---|---|---|
| 003 | OSt | ||
| 005 | 20220918165943.0 | ||
| 006 | a|||||r|||| 00| 0 | ||
| 007 | ta | ||
| 008 | 220917b |||||||| |||| 00| 0 eng d | ||
| 020 |
_a8185229805 (hbk) _c475 |
||
| 024 | _a234,424 | ||
| 037 |
_b0036, 18/03/2008, Independent Publishers Group _cTextual |
||
| 040 |
_aARTS _cARTS _beng |
||
| 041 |
_2eng _aeng |
||
| 082 | _aX:326:(G:5), P3 | ||
| 100 |
_aKovel Joel _926367 |
||
| 245 | 0 |
_aEnemy of nature _b the end of capitalism or the end of the world? |
|
| 260 |
_aNew Delhi _bTulika Books India _c2003 |
||
| 300 |
_axxv,274p. _ccm. |
||
| 650 | _aECONOMICS | ||
| 942 |
_hX:326:(G:5), P3 _cTEXL _2CC |
||
| 999 |
_c131947 _d131947 |
||